| 000 | 01334naa a22003257a 4500 | ||
|---|---|---|---|
| 001 | BR8500738 | ||
| 003 | BR-BrBNA | ||
| 005 | 20240918175513.0 | ||
| 007 | ta | ||
| 008 | 230509b bl.||||| |||| 00| 0 por d | ||
| 040 |
_aBR-BrBNA _bpor _cBiblioteca Nacional de Agricultura |
||
| 041 | _a(Pt) | ||
| 072 |
_aP05 _b/G514 |
||
| 090 | _aP05 BR8500738 | ||
| 100 | 1 | _aMota, S.R.V. da | |
| 111 | 1 |
_aSeminario Agricultura - Horizonte 2000; Perspectivas para o Brasil _cBrasilia, DF (Brazil) _d5-9 Dec 1983 |
|
| 245 | 1 | _aA experiencia brasileira no uso da biomassa para producao de energia; Perspectivas | |
| 246 | 1 | _a[The Brazilian experience in the use of biomass for energy production, Prospects] | |
| 246 | 1 | _a[Proceedings of the Seminar in Agriculture - Horizon 2000; Prospects for Brazil] | |
| 260 | 3 |
_aBrasilia, DF (Brasil): _c1983. |
|
| 500 | _aAnais do Seminario Agricultura - Horizonte 2000; Perspectivas para o Brasil Brasilia, DF (Brasil): 1983. p. 268-284 (BR8500738-AM)P05 | ||
| 650 | _aRECURSO ENERGETICO | ||
| 650 | _aBIOMASSA | ||
| 650 | _aETANOL | ||
| 650 | _aCOMBUSTIVEL | ||
| 650 | _aCUSTO | ||
| 773 | 0 |
_tAnais do Seminario Agricultura - Horizonte 2000; Perspectivas para o Brasil _wP05 BR8500738 _gBrasilia, DF (Brasil), 1983. p. 268-284 |
|
| 909 |
_a202404 _bLucia _c55 _dLucia Elande |
||
| 942 |
_cAM _2AGRIS |
||
| 999 |
_c317032 _d317032 |
||